000 00654nam a2200253Ia 4500
003 OSt
005 20221007104444.0
006 a|||||r|||| 00| 0
007 ta
008 221006b |||||||| |||| 00| 0 eng d
024 _a15,859
037 _cTextual
040 _aLCO
_cLCO
_beng
041 _2eng
_aeng
082 _aZ2,75,15, M2
100 _aTyagi S.
_9101952
245 0 _aCode of Criminal Procedure,1973
250 _a2nd
260 _aAllahabad
_bCentral Law Agency India
_c1982
300 _a538
650 _aCRIMINAL PROCEDURE
_9681582
942 _hZ2,75,15, M2
_cTEXL
999 _c1185422
_d1185422